000 00408nam a2200169Ia 4500
003 LK-CoDNM
008 010623t1969 xxu||||| |||| 00| 1 eng d
040 _aLK-CoDNM
_dLK-CoDNM
_eLK-CoDNM
041 _aeng
080 _a641.5
_bPAP
100 _aPapashvily, George
245 _aRussian cooking
260 _bTime-life books
_aVirginia
_c1969
300 _b206, 29 cm
650 _aCookery
942 _cBK
999 _c107823
_d107823